01425cam a22003617a 4500003000500000005001700005008004100022010000900063011000900072035000900081040000900090082001400099100003700113245016400150260007000314300003100384490003800415590004100453590004100494590004100535590004100576590004200617650002200659650002900681700005200710700003400762830004500796901000700841942001000848949006100858999001500919952012900934CHAP20231017113237.0971013s r 00010 d a4856 a5828 a5044 cCHAP a637.3bA310aAguirre Mandujano, Eleazar93008 0aTecnología para incrementar el rendimiento en la elaboración de queso fresco manteniendo su calidad nutricional mediante la adición de caseinato de sodio aChapingo, Méx. :bUACH. Departamento de Preparatoria Agrícola a104 p.b: ilus. ; gráfs. 0aCuadernos de investigaciónv; 1 aBATCH-UPDb10c20130110lUCH01h0158 aBATCH-UPDb10c20130110lUCH01h1424 aBATCH-UPDb10c20130410lUCH01h0904 aBATCH-UPDb10c20130914lUCH01h0855 aCONVERSIONb10c20130109lUCH01h130414aCaseína.91981314aQuesoxProcesado.9932330 aLobato Calleros, Consuelo Silvia Olivia.9673780 aVernon Carter, Jaime.91189400 aCuadernos de investigaciónv; 1929789 aBK cLIBRO a637.3 A3bBCcUACHd33724000094066eUACHh80214i5044sb c4856d4856 00104051708UACHaBCbBCcPA_UACHd2019-12-31fLIBROl0o637.3 A3p33724002479785r2019-12-31 00:00:00w2019-12-31yLIBRO